00378pab a2200133 454500008004000000100001900040245008900059260000900148300001400157362000800171650001800179700001700197773003000214180718b2007 xxu||||| |||| 00| 0 eng d aBarnes, Marian aNetworks, connectedness and resilience: learning from the children's fund in context c2007 ap.193-97. aApr aChild welfare aMorris, Kate aSocial Policy and Society